Network - Based language teaching: Concepts and practice (0 521 66742 9)

Đã lưu trong:
Bibliografiske detaljer
Format: Bog
Sprog:Undetermined
Udgivet: Cambridge Cambridge University Press 2000
Fag:
Tags: Tilføj Tag
Ingen Tags, Vær først til at tagge denne postø!
Thư viện lưu trữ: Trung tâm Học liệu Trường Đại học Cần Thơ
LEADER 00601nam a2200193Ia 4500
001 CTU_49316
008 210402s9999 xx 000 0 und d
020 |c 548000 
082 |a 418.0285 
082 |b N469 
245 0 |a Network - Based language teaching: Concepts and practice (0 521 66742 9) 
245 0 |c Edited by Mark Warschauer, Richard Kern 
260 |a Cambridge 
260 |b Cambridge University Press 
260 |c 2000 
650 |a language and languages 
650 |x study and teaching,computer network 
904 |i Năm 
980 |a Trung tâm Học liệu Trường Đại học Cần Thơ